000 00443nab a2200145Ia 4500
003 ES-SlBCS
005 20210601125238.0
008 140529s1977 xxu||||| |||| 00| 0 eng d
041 _aeng
100 1 _aBenfield, David W.
_9155707
245 0 4 _aThe A Priori and the Self-Evidence
_c David W. Benfield
650 0 4 _aA Priori
_9138145
773 0 _tPhilosophy and Phenomenological Research
_gvol. 38, 1977, págs. 225-227
_wRev1411
942 _cAR
999 _c527156
_d527156